| 000 | 01526nam a2200337 c 4500 | ||
|---|---|---|---|
| 003 | BLK | ||
| 005 | 20230327172700.0 | ||
| 008 | 180408b bul|||||r ||||||| ||bul|| | ||
| 010 | _aKNG00056268000 | ||
| 020 |
_a954-24-0045-4 _bиздат.: Акад. изд. на Унив. по хран. технологии |
||
| 040 | _aBLK | ||
| 041 |
_aBUL _cBUL |
||
| 080 |
_aМикробиология. Вж и 663 _b579 _x(075.8) _z579(075.8) |
||
| 100 | 1 |
_aМургов, Иван Димов _eпърви автор _9245096 |
|
| 700 | 1 |
_aДенкова, Запряна Рангелова _eсъавт. _9252109 |
|
| 139 |
_aМургов, Иван Димов и др. _bМ 95 |
||
| 245 | 1 | 0 |
_aМикробиология _bТеория и практика _cИван Димов Мургов; съавт. Запряна Рангелова Денкова. |
| 257 | _aBGR | ||
| 260 |
_аПловдив _bАкад. изд. на Унив. по хран. технологии _c2004 _fПловдив : Нова Тимкомпакт |
||
| 300 |
_a320 с. _bс ил., табл., сх. _c24 см |
||
| 380 | _a5 | ||
| 500 | _aОфс. изд. - Предм. показалец, Показалец на лат. наименования. | ||
| 650 | 4 |
_aМикробиология - учебници за ВУЗ _9242072 |
|
| 653 | _aмикробиология | ||
| 653 | _aучебници за ВУЗ | ||
| 852 | _aЦб 225341 | ||
| 856 | 4 |
_qpdf _u |
|
| 856 | 4 |
_qpdf _u |
|
| 942 |
_cKNG _n0 _05 |
||
| 944 |
_aCR _c28.10.2005 _kЛюдмила_Стоянова |
||
| 944 |
_aED _c02.06.2006 _k |
||
| 999 |
_c52348 _d52348 |
||